[Event "GER-chT U16 Girls"]
[Site "Magdeburg"]
[Date "2023.12.28"]
[Round "4.4"]
[White "Striebeck, Liv"]
[Black "Amelang, Jamie Alice"]
[Result "0-1"]
[WhiteElo "1175"]
[BlackElo "1322"]
[PlyCount "78"]
[EventDate "2023.12.26"]
[EventType "team-swiss"]
[EventRounds "7"]
[EventCountry "GER"]
[SourceTitle "CB03_2024"]
[SourceDate "2024.01.17"]
[SourceVersion "1"]
[SourceVersionDate "2024.01.17"]
[SourceQuality "1"]
[WhiteTeam "Norderstedt"]
[BlackTeam "Leipzig SG"]
[WhiteTeamCountry "GER"]
[BlackTeamCountry "GER"]

1. e4 e5 2. Nf3 Nc6 3. Nc3 Bc5 4. Bc4 Nf6 5. d3 h6 6. 0-0 0-0 7. Be3 Qe7 8. Bxc5 Qxc5 9. Qd2 Qe7 10. Nb5 d6 11. Rfe1 Bg4 12. Qe3 Bxf3 13. Qxf3 a6 14. Nc3 Nd4 15. Qd1 Rad8 16. Nd5 Nxd5 17. Bxd5 c6 18. c3 Ne6 19. Bxe6 Qxe6 20. Qf3 d5 21. d4 Rfe8 22. Qd3 dxe4 23. Rxe4 c5 24. Rae1 Qxa2 25. Rxe5 Rxe5 26. Rxe5 cxd4 27. h3 Qxb2 28. cxd4 Qc1+ 29. Qf1 Qxf1+ 30. Kxf1 Rxd4 31. Ra5 Rd6 32. Ke2 Kf8 33. Ra3 Ke7 34. Rd3 Rxd3 35. Kxd3 Kd6 36. Kc4 b5+ 37. Kb4 Kc6 38. f4 a5+ 39. Kxa5 Kc5 0-1

[Event "GER-chT U14 Girls"]
[Site "Willingen"]
[Date "2021.06.27"]
[Round "7.6"]
[White "Abram, Kristina Maria"]
[Black "Amelang, Jamie Alice"]
[Result "1-0"]
[WhiteElo "1076"]
[BlackElo "919"]
[PlyCount "91"]
[EventDate "2021.06.23"]
[EventType "team-swiss"]
[EventRounds "7"]
[EventCountry "GER"]
[SourceTitle "EXT 2022"]
[Source "ChessBase"]
[SourceDate "2021.10.06"]
[SourceVersion "1"]
[SourceVersionDate "2021.10.06"]
[SourceQuality "1"]
[WhiteTeam "Hamburger SK"]
[BlackTeam "Leipzig SG "]
[WhiteTeamCountry "GER"]
[BlackTeamCountry "GER"]

1. e4 e5 2. Bc4 Bc5 3. d3 d6 4. Nc3 Nf6 5. Bg5 Nc6 6. Nf3 h6 7. Bh4 g5 8. Bg3 Be6 9. Bb3 Qd7 10. 0-0 0-0-0 11. h4 a6 12. Na4 Ba7 13. Bxe6 Qxe6 14. c4 Nd4 15. Nxd4 exd4 16. b4 Nd7 17. Rb1 Rdg8 18. Qb3 gxh4 19. Bxh4 Qh3 20. Bg3 Qg4 21. b5 a5 22. Qd1 Qg5 23. Qf3 h5 24. Bf4 Qg6 25. g3 h4 26. Rb2 hxg3 27. fxg3 Qe6 28. Rff2 Rh3 29. Rh2 Rgh8 30. Rbe2 f6 31. Qf1 Qg4 32. Nb2 Nf8 33. Nd1 Ne6 34. Nf2 Qg6 35. Nxh3 Re8 36. Qg2 Nc5 37. Nf2 Na4 38. Rh6 Qf7 39. Ng4 f5 40. Rf6 Qg7 41. exf5 Qxg4 42. Rxe8+ Kd7 43. Qxb7 Qd1+ 44. Kh2 Qc2+ 45. Kh3 Nb6 46. Qc6# 1-0

[Event "GER-chT U14 Girls"]
[Site "Willingen"]
[Date "2021.06.24"]
[Round "1.7"]
[White "Muhina, Alina"]
[Black "Amelang, Jamie Alice"]
[Result "1-0"]
[WhiteElo "1343"]
[BlackElo "919"]
[PlyCount "39"]
[EventDate "2021.06.23"]
[EventType "team-swiss"]
[EventRounds "7"]
[EventCountry "GER"]
[SourceTitle "EXT 2022"]
[Source "ChessBase"]
[SourceDate "2021.10.06"]
[SourceVersion "1"]
[SourceVersionDate "2021.10.06"]
[SourceQuality "1"]
[WhiteTeam "Garching"]
[BlackTeam "Leipzig SG "]
[WhiteTeamCountry "GER"]
[BlackTeamCountry "GER"]

1. e4 e5 2. Nf3 Nc6 3. d4 Nxd4 4. Nxd4 exd4 5. Qxd4 Nf6 6. Bc4 Bd6 7. 0-0 0-0 8. e5 Bxe5 9. Qxe5 Re8 10. Qg3 d6 11. Nc3 Bf5 12. Bd3 Bd7 13. Bg5 Bc6 14. Rfe1 Rxe1+ 15. Rxe1 Nh5 16. Qh4 f6 17. Qxh5 g6 18. Bxg6 hxg6 19. Qxg6+ Kf8 20. Bh6# 1-0

[Event "GER-chT Christmas U20 Girls"]
[Site "Playchess.com INT"]
[Date "2020.12.29"]
[Round "1.4"]
[White "Amelang, Jamie Alice"]
[Black "Desabhatla, Sahasra"]
[Result "0-1"]
[WhiteElo "919"]
[BlackElo "705"]
[PlyCount "28"]
[EventDate "2020.12.29"]
[EventType "team-swiss (blitz)"]
[EventRounds "7"]
[EventCountry "GER"]
[SourceTitle "CBM 200 Extra"]
[Source "ChessBase"]
[SourceDate "2021.03.31"]
[SourceVersion "1"]
[SourceVersionDate "2021.03.31"]
[SourceQuality "1"]
[WhiteTeam "Leipzig SG"]
[BlackTeam "Garching II"]
[WhiteTeamCountry "GER"]
[BlackTeamCountry "GER"]

1. e4 e5 2. Bc4 Nc6 3. d3 Nf6 4. Nc3 d6 5. Nf3 Be7 6. 0-0 0-0 7. Be3 Bd7 8. Qd2 h6 9. h3 a6 10. Rad1 Rc8 11. Rfe1 Na5 12. Qe2 Nxc4 13. dxc4 d5 14. exd5 Bd6 0-1

[Event "GER-chT School WK 3"]
[Site "Playchess.com INT"]
[Date "2020.06.15"]
[Round "3.4"]
[White "Amelang, Jamie Alice"]
[Black "Prawda, Oskar"]
[Result "0-1"]
[WhiteElo "1620"]
[BlackElo "1348"]
[PlyCount "56"]
[EventDate "2020.06.15"]
[EventType "team-swiss (blitz)"]
[EventRounds "5"]
[EventCountry "GER"]
[SourceTitle "EXT 2021"]
[Source "ChessBase"]
[SourceDate "2020.10.23"]
[SourceVersion "1"]
[SourceVersionDate "2020.10.23"]
[SourceQuality "1"]
[WhiteTeam "Leipzig Ostwald Gymn"]
[BlackTeam "Luebeck Johanneum"]
[WhiteTeamCountry "GER"]
[BlackTeamCountry "GER"]

1. e4 e5 2. Bc4 Nf6 3. d3 Bc5 4. Nf3 Nc6 5. 0-0 d6 6. h3 d5 7. Bb3 dxe4 8. dxe4 Nxe4 9. Nc3 Nd6 10. Bg5 f6 11. Be3 Qe7 12. Bxc5 b6 13. Bb4 Ba6 14. Re1 Nxb4 15. Ba4+ c6 16. Bb3 0-0-0 17. Qd2 Nb5 18. Nxb5 Rxd2 19. Nxd2 Nxc2 20. Bxc2 Bxb5 21. Nb3 Rd8 22. a4 Bc4 23. Nc1 Rd2 24. Na2 Rxc2 25. Red1 Bxa2 26. Rxa2 Qc5 27. Raa1 Qxf2+ 28. Kh2 Qxg2# 0-1